[Event "Locarno op 3rd"]
[Site "Locarno"]
[Date "2018.03.18"]
[Round "4"]
[White "Othman, Omar"]
[Black "Boschetti, Claudio"]
[Result "0-1"]
[WhiteElo "1039"]
[BlackElo "2122"]
[PlyCount "112"]
[EventDate "2018.03.16"]
[EventType "swiss"]
[EventRounds "5"]
[EventCountry "SUI"]
[SourceTitle "CBM 183 Extra"]
[Source "ChessBase"]
[SourceDate "2018.04.19"]
[SourceVersion "1"]
[SourceVersionDate "2018.04.19"]
[SourceQuality "1"]

1. d4 Nf6 2. c4 e5 3. dxe5 Ng4 4. Nf3 Bc5 5. e3 Nc6 6. b3 d6 7. Bb2 Bb4+ 8. Nbd2 Ngxe5 9. a3 Qf6 10. Nxe5 Bxd2+ 11. Qxd2 dxe5 12. Be2 0-0 13. 0-0 Qg6 14. f3 Bh3 15. Bd1 Rad8 16. Qf2 Bf5 17. Rc1 Rd7 18. e4 Be6 19. Bc2 f6 20. Rfd1 Rfd8 21. Rxd7 Rxd7 22. Rd1 Qe8 23. c5 Qd8 24. Rxd7 Qxd7 25. b4 Bc4 26. Bc3 Nd4 27. Qd2 b6 28. cxb6 axb6 29. g4 c6 30. Kf2 g5 31. a4 h5 32. h3 hxg4 33. hxg4 Qh7 34. Ke3 Qh1 35. Qf2 Qc1+ 36. Qd2 Nxc2+ 37. Kf2 Qf1+ 38. Kg3 Qg1+ 39. Qg2 Qxg2+ 40. Kxg2 c5 41. bxc5 bxc5 42. f4 gxf4 43. g5 Kf7 44. gxf6 Kxf6 45. Kf3 Nd4+ 46. Kf2 Bd3 47. a5 Bxe4 48. a6 Ba8 49. Ba5 e4 50. Bb6 e3+ 51. Kf1 f3 52. Bxc5 e2+ 53. Ke1 Nc2+ 54. Kd2 e1Q+ 55. Kxc2 Qe2+ 56. Kc3 Qxa6 0-1